Art, Shamanism and Animism (Record no. 13235)

MARC details
000 -LEADER
fixed length control field 01427nam a2200133Ia 4500
008 - FIXED-LENGTH DATA ELEMENTS--GENERAL INFORMATION
fixed length control field 220615s9999||||xx |||||||||||||| ||und||
020 ## - INTERNATIONAL STANDARD BOOK NUMBER
International Standard Book Number 9783040000000
245 #0 - TITLE STATEMENT
Title Art, Shamanism and Animism
546 ## - LANGUAGE NOTE
Language note English[eng]
650 ## - SUBJECT ADDED ENTRY--TOPICAL TERM
Topical term or geographic name entry element animism||totemism||analogism||art and architecture||mortuary practices||Neolithic Britain and Ireland||ethnographic analogy||Saami shamanism||animals||power animals||ritual creativity||Isogaisa||Papua New Guinea||relational ontology||onto-praxis||personhood||dividuality||gender||Catholic charismatic Christianity||charismatic space||shaman||material religion||materiality||image||Korea||ancestor veneration||animacy||materiality of stone||Andes||Quechua||extirpation of idolatry||funerary cult||Ancash||Cajatambo||archaeology||shamanism||ontology||Casas Grandes||horned-plumed serpent||American Puebloan Southwest||art||connections||fluidity||shapeshifting||spirit world||subversion||trance||Mesoamerica||art and archaeology||Indigenous ontology||relational theory||divination||spirit impersonation||material agency||Daur shamanism||social interface||ritual ceremony||embodiment of ancestral spirits||inter-human metamorphosis||shamanic landscape||n/a||museums||Anishinaabe peoples and language||pipes||treaties||rock art||New Animisms||dualism||multinatural||hunting||taming
700 ## - ADDED ENTRY--PERSONAL NAME
Personal name Wallis, Robert J.||Carocci, Max
856 ## - ELECTRONIC LOCATION AND ACCESS
Uniform Resource Identifier <a href="https://mdpi.com/books/pdfview/book/5195">https://mdpi.com/books/pdfview/book/5195</a>
942 ## - ADDED ENTRY ELEMENTS (KOHA)
Koha item type E-Books
Holdings
Withdrawn status Lost status Damaged status Not for loan Home library Current library Date acquired Total Checkouts Date last seen Price effective from Koha item type
        Kerala University of Digital Sciences, Innovation and Technology Knowledge Centre Kerala University of Digital Sciences, Innovation and Technology Knowledge Centre 15/06/2022   15/06/2022 15/06/2022 E-Books